00525nam a2200145Ia 4500008004100000020001500041041000800056082001700064100006000081245014600141250000600287260004800293300001500341650002300356210716s2004 xx 000 0 und d a1591391857 aeng a658.406 CHRC aChristensen, Clayton M; Anthony, Scott D; Roth, Erik A. aSeeing whats next: using the theories of innovation to predict industry change.busing the theories of innovation to predict industry change. a1 aBostonbHarvard Business School Pressc2004 axxxix, 310 aGeneral Management